Knowledge management : (Record no. 163148)

MARC details
000 -LEADER
fixed length control field 00776nam a2200241 a 4500
008 - FIXED-LENGTH DATA ELEMENTS--GENERAL INFORMATION
fixed length control field
020 ## - INTERNATIONAL STANDARD BOOK NUMBER
International Standard Book Number 8170003725 (hbk.)
049 ## - LOCAL HOLDINGS (OCLC)
Holding library MAIN
090 ## - LOCALLY ASSIGNED LC-TYPE CALL NUMBER (OCLC); LOCAL CALL NUMBER (RLIN)
Classification number (OCLC) (R) ; Classification number, CALL (RLIN) (NR) Z665
Local cutter number (OCLC) ; Book number/undivided call number, CALL (RLIN) KNO
003 - CONTROL NUMBER IDENTIFIER
control field
005 - DATE AND TIME OF LATEST TRANSACTION
control field 20230123134258.0
040 ## - CATALOGING SOURCE
Transcribing agency NUST
245 10 - TITLE STATEMENT
Title Knowledge management :
Remainder of title today and tomorrow /
Statement of responsibility, etc. edited by B. Ramesh Babu, S. Gopalakrishnan; associate editors A. Raghavaiah, L. Venkateswara Rao, N. K. Bar.
260 ## - PUBLICATION, DISTRIBUTION, ETC.
Place of publication, distribution, etc. New Delhi :
Name of publisher, distributor, etc. Ess Ess,
Date of publication, distribution, etc. 2003.
300 ## - PHYSICAL DESCRIPTION
Extent 412 p. ;
Dimensions 23 cm.
500 ## - GENERAL NOTE
General note Includes index.
504 ## - BIBLIOGRAPHY, ETC. NOTE
Bibliography, etc. note Includes bibliographical references.
650 ## - SUBJECT ADDED ENTRY--TOPICAL TERM
Topical term or geographic name entry element Knowledge management
700 ## - ADDED ENTRY--PERSONAL NAME
Personal name Gopalakrishnan, S.
700 ## - ADDED ENTRY--PERSONAL NAME
Personal name Babu, B. Ramesh
907 ## - LOCAL DATA ELEMENT G, LDG (RLIN)
a .b10218233
b 18-02-14
c 27-10-06
942 ## - ADDED ENTRY ELEMENTS (KOHA)
Koha item type Ordinary Loan Books
Call number prefix Z665
Call number suffix KNO
Holdings
Date last seen Total Checkouts Full call number Barcode Cost, replacement price Price effective from Koha item type Lost status Source of classification or shelving scheme Damaged status Not for loan Collection Withdrawn status Home library Current library Shelving location Date acquired Cost, normal purchase price
01/23/2023 41 Z665 KNO 92004002021 80.00 01/23/2023 BOOKS   LCC     NFIC   MAIN MAIN GEN 01/23/2023 80.00